书目信息 |
| 题名: |
程控数字交换技术
|
|
| 作者: | 金淮丰 , 韩春光 编著 | |
| 分册: | ||
| 出版信息: | 北京 电子工业出版社 2002.01 |
|
| 页数: | 152页 | |
| 开本: | 26cm | |
| 丛书名: | ||
| 单 册: | ||
| 中图分类: | TN916.428 | |
| 科图分类: | ||
| 主题词: | 电话 | |
| 电子资源: | ||
| ISBN: | 7-5053-6723-4 | |
| 000 | 00632nam0 2200205 45 | |
| 001 | 0258656049 | |
| 005 | 2002112216173548 | |
| 010 | @a7-5053-6723-4@dRMB 12.00 | |
| 100 | @a20021122d2002 km y0chiy0120 ea | |
| 101 | 0 | @achi |
| 102 | @aCN@b110000 | |
| 200 | 1 | @a程控数字交换技术@Acheng kong shu zi jiao huan ji shu@f金淮丰,韩春光编著@Fjin huai feng,han chun guang bian zhu |
| 210 | @a北京@c电子工业出版社@d2002.01 | |
| 215 | @a152页@d26cm | |
| 606 | 0 | @a电话 |
| 690 | @aTN916.428@v3 | |
| 701 | 0 | @a金淮丰@Ajin huai feng@4编著 |
| 701 | 0 | @a韩春光@Ahan chun guang@4编著 |
| 801 | 0 | @aCN@bPFT@c20021122 |
| 905 | @a10447@dTN916.428@eJ770 | |
| 程控数字交换技术/金淮丰,韩春光编著.-北京:电子工业出版社,2002.01 |
| 152页;26cm |
| ISBN 7-5053-6723-4:RMB 12.00 |
| ● |
| 相关链接 |
|
|
|
正题名:程控数字交换技术
索取号:TN916.428/J770
 
预约/预借
| 序号 | 登录号 | 条形码 | 馆藏地/架位号 | 状态 | 备注 |
| 1 | 361199 | 203611993 | 自科库301/301自科库 998排5列1层/ [索取号:TN916.428/J770] | 在馆 | |
| 2 | 361200 | 203612000 | 自科库301/404自科库 17排6列2层/ [索取号:TN916.428/J770] | 在馆 | |
| 3 | 361201 | 203612019 | 自科库301/301自科库 998排5列1层/ [索取号:TN916.428/J770] | 在馆 |